000 00370 a2200169 4500
001 12590
020 _a9788508128297
040 _cAnchieta - Aquarius
100 _aMachado, Ana Maria
240 1 0 _aUm dia desses...
_lpor
245 1 0 _aUm dia desses...
300 _a31
362 0 _a2010
440 1 _aÁtica
650 4 _aLiteratura infanto-juvenil
942 _cBK
999 _c12590
_d12590